| 000 | 00557nam a2200229Ia 4500 | ||
|---|---|---|---|
| 008 | 210210b2010 xxu||||| |||| 00| 0 eng d | ||
| 020 | _a8179923142 | ||
| 041 | _aeng | ||
| 082 | _a658.7 MOHE | ||
| 100 | _aMOHANTY (R P) | ||
| 245 | _aEssentials of supply chain management | ||
| 260 |
_aAhmedabad _bJaico Publishers House _c2010 |
||
| 300 | _aviii,375 | ||
| 650 | _asupply | ||
| 650 | _aof | ||
| 650 | _amanagement | ||
| 650 | _aEssentials | ||
| 650 | _achain | ||
| 690 | _aMaterials Management | ||
| 700 | _aDESHMUKH (S G) | ||
| 906 | _a070446 | ||
| 999 |
_c119868 _d119868 |
||